Kabarak University New Library Building (Record no. 8614)
[ view plain ]
| 000 -LEADER | |
|---|---|
| fixed length control field | 00322nom a2200121 4500 |
| 001 - CONTROL NUMBER | |
| control field | 0000018671 |
| 005 - DATE AND TIME OF LATEST TRANSACTION | |
| control field | 20151217152132.0 |
| 008 - FIXED-LENGTH DATA ELEMENTS--GENERAL INFORMATION | |
| fixed length control field | 100323s xx --- bneng d |
| 020 ## - INTERNATIONAL STANDARD BOOK NUMBER | |
| Terms of availability | $ |
| 245 ## - TITLE STATEMENT | |
| Title | Kabarak University New Library Building |
| Medium | [kit] : |
| Remainder of title | 13th September 2006. |
| 908 ## - PUT COMMAND PARAMETER (RLIN) | |
| Put command parameter | 100323 |
| Withdrawn status | Lost status | Source of classification or shelving scheme | Not for loan | Home library | Current library | Date acquired | Total Checkouts | Barcode | Date last seen | Price effective from | Koha item type |
|---|---|---|---|---|---|---|---|---|---|---|---|
| Library of Congress Classification | Kabarak, Main Campus | Kabarak, Main Campus | 17/12/2015 | 18817 | 17/12/2015 | 17/12/2015 | General Collection |